Исторія государства Россійскаго (Запис № 417952)

МАРК-запис
000 -Лідер
fixed length control field 00725nam a22002657a 4500
001 - Контрольний номер
control field 130018
003 - Ідентифікатор контрольного номера
control field UA-OsUOA
005 - Дата та час останнього входження (трансакції)
control field 20220406212738.0
007 - Фіксоване поле фізичного опису
fixed length control field ta
008 - Елементи даних фіксованої довжини – загальна інформація
fixed length control field 20180402b un ||||| |||| 00| 0 ukr d
040 ## - Джерело каталогізації
Агенція оригінальної каталогізації UA-OsUOA
Мова каталогізації rus
Агенція, яка здійснювала перезапис UA-OsUOA
Агенція, яка здійснювала модифікацію UA-OsUOA
041 ## - Код мови
Код мови тексту/ звукової доріжки чи окремого заголовка (П) rus
080 ## - Індекс Універсальної десяткової класифікації
Індекс Універсальної десяткової класифікації (УДК) (НП) 94(470+571)
090 ## - Локальний шифр розміщення
Класифікаційний індекс УДК 94(470+571)
Авторський знак (НП) К21
100 ## - Основне введення – ім’я особи
Ім’я особи (НП) Карамзинъ Н. М.
245 ## - Відомості про назву
Назва (НП) Исторія государства Россійскаго
260 ## - Публікація, розповсюдження і т.п. (Вихідні дані)
Місце публікації, розповсюдження і т.п. (П) СПб
Ім’я/ наймення видавництва, розповсюджувача і т.п. (П) Е. Евдокимова
Дата публікації, розповсюдження і т.п. (П) 1892
300 ## - Фізичний опис
Обсяг 312 с.
505 ## - Форматована примітка про зміст
Змішана інформація Т. 7
591 ## - Дарувальник
Назва організації Лобас П. О.
650 #7 - Додаткове предметне введення – тематичний термін
Тематичний термін чи географічна назва, як елемент введення (НП) 94 Історія
Джерело заголовка чи терміна UDC
942 ## - Додаткові елементи входу (Коха)
Тип елемента Koha Рідкісне/цінне видання
Source of classification or shelving scheme Universal Decimal Classification
955 ## - Код типу видання за змістом
Код типу видання за змістом (НП) Навчальні видання

Немає доступних примірників.